Cargando...

Ariviyal thamizhaakkam /

Detalles Bibliográficos
Autor Principal: Shanmugam, S. V.
Idioma:Undetermined
Publicado: Chennai : New Century Book House Pvt Ltd , 2012.
Edición:4th ed.
LEADER 00545nam a2200169Ia 4500
001 180494
008 170722s9999 xx 000 0 und d
020 |a 9788123403623 
100 |a Shanmugam, S. V. 
245 |a Ariviyal thamizhaakkam / 
250 |a 4th ed. 
260 |a Chennai :  |b New Century Book House Pvt Ltd ,  |c 2012. 
300 |a x+122 
923 |d 20130225  |n 274 
942 |c GEN 
999 |c 149408  |d 149408 
952 |0 0  |1 0  |4 0  |6 A_31Q2  |7 0  |9 210620  |a LIB  |b LIB  |d 2013-04-16  |e New Century Book House Pvt Ltd  |o A 31Q2  |p 289899  |r 2017-08-12  |v 65.00  |w 2017-08-12  |y GEN